000 01169nam a22003257a 4500
003 CHAP
005 20220817042131.0
008 971013s1976 r 00010 d
010 _a35671
011 _a36643
035 _a40762
040 _cCHAP
082 _a338.972
_bM46 1971-76
110 _aMéxico. Secretaría de Industria y Comercio
_977185
245 _aPolítica económica fronteriza, 1971-1976
260 _aMéxico, D.F. :
_bLa Secretaría,
_c1976
300 _a91 p
590 _aBATCH-UPD
_b10
_c20130110
_lUCH01
_h1235
590 _aBATCH-UPD
_b10
_c20130410
_lUCH01
_h0803
590 _aBATCH-UPD
_b10
_c20130914
_lUCH01
_h1927
590 _aCONVERSION
_b10
_c20130109
_lUCH01
_h1320
650 1 4 _aPolítica agrícola
_zMéxico.
650 1 4 _aPolítica económica
_zMéxico.
_990535
650 1 4 _aPolítica industrial
_zMéxico.
_990676
901 _aBK
942 _cLIBRO
949 _a338.972 M46 1971-76
_bBC
_cLIBRO
_d33724000397519
_eLIBRO
_h39938
_i40762
_mD
_si
949 _a338.972 M46 1971-76
_bBC
_cLIBRO
_d33724000397535
_eLIBRO
_fc.3
_h47195
_i40762
_mD
_si
949 _a338.972 M46 1971-76
_bBC
_cLIBRO
_d33724000435970
_eLIBRO
_fc.2
_h41192
_i40762
_mD
_si
999 _c35671
_d35671